Datum a čas kvízu
20
Celkem bodů
Celkový počet nahraných bodů na tomto kvízu bez doplňovacích otázek.
6.
Pořadí na kvízu
Konečné umístění týmu na tomto kvízu.
Zaznamenané odpovědi
| # | Otázka | Odpověď | Body | Výsledky |
|---|---|---|---|---|
| 1. | Bývalý fotbalista Tomáš Řepka... | 2,5 roku | 0 | |
| 2. | Bílý dům chtěl po americkém ná... | John McCain | 1 | |
| 3. | V úterý byly před zlínským Vel... | Helena Vondráčková, Jan Hrušínský | 0 | |
| 4. | V úterý byl vyhlášen v České r... | Den daňové svobody | 1 | |
| 5. | Jak se jmenuje nový trenér fot... | Václav Jílek | 1 | |
| 6. | Začneme složením vzduchu. Že j... | 1C 2B 3D 4A | 0 | |
| 7. | Kvalitě vzduchu v restauracích... | 2. čtvrtletí 2017 | 0 | |
| 8. | Že má tento přístroj něco spol... | anemometr | 0 | |
| 9. | Černé soustředné čáry na mapě... | hektopascal (hPa) | 1 | |
| 10. | Vítr je zjednodušeně řečeno po... | meteorismus | 0 |